MARC

LEADER 00000nam0a2200000 4500
001 311784
005 20231102002423.0
020 |a RU  |b 82-29300 
035 |a (RuTPU)RU\TPU\book\337149 
090 |a 311784 
100 |a 20151211d1982 k y0rusy5003 ca 
101 1 |a rus  |c eng 
102 |a RU 
105 |a a z 001zy 
200 1 |a Контакты металл-полупроводник  |e пер. с англ.  |f Э. Х. Родерик 
210 |a Москва  |c Радио и связь  |d 1982 
215 |a 208 с.  |c ил. 
320 |a Библиогр.: с. 200-207 
606 1 |a Полупроводниковые приборы  |2 stltpush  |3 (RuTPU)RU\TPU\subj\50669  |9 69320 
610 1 |a металл-полупроводник 
610 1 |a контакты 
610 1 |a барьеры Шоттки 
610 1 |a физические явления 
610 1 |a токопрохождение 
610 1 |a емкости 
675 |a 621.382  |z rus  |v 3 
700 1 |a Родерик  |b Э. Х.  |g Эмвил Х. 
801 0 |a RU  |b RuMRKP  |c 19950704  |g psbo 
801 1 |a RU  |b 63413507  |c 20151211 
801 2 |a RU  |b 63413507  |c 20180928  |g RCR 
942 |c BK